|
|
|
|
| LEADER |
00000cam a22000004a 4500 |
| 001 |
musev2_24409 |
| 003 |
MdBmJHUP |
| 005 |
20230905042613.0 |
| 006 |
m o d |
| 007 |
cr||||||||nn|n |
| 008 |
140310t20132013dcu o 00 0 eng d |
| 010 |
|
|
|z 2012045868
|
| 020 |
|
|
|a 9780813221380
|
| 020 |
|
|
|z 9780813221373
|
| 035 |
|
|
|a (OCoLC)861793561
|
| 040 |
|
|
|a MdBmJHUP
|c MdBmJHUP
|
| 100 |
1 |
|
|a Wenzel, Siegfried,
|d 1928-
|
| 245 |
1 |
4 |
|a The Art of Preaching /
|c Siegfried Wenzel.
|
| 264 |
|
1 |
|a Washington, District of Columbia :
|b Catholic University of America Press,
|c 2013.
|
| 264 |
|
3 |
|a Baltimore, Md. :
|b Project MUSE,
|c 2013
|
| 264 |
|
4 |
|c ©2013.
|
| 300 |
|
|
|a 1 online resource (287 pages):
|b illustrations
|
| 336 |
|
|
|a text
|b txt
|2 rdacontent
|
| 337 |
|
|
|a computer
|b c
|2 rdamedia
|
| 338 |
|
|
|a online resource
|b cr
|2 rdacarrier
|
| 505 |
0 |
|
|a Texts and translations. Jacobus de Fusignano -- Quamvis -- Hic docet -- Vade in domum -- Jean de la Rochelle -- Appendixes. Reflections on Artes praedicandi -- The life and transmission of late-medieval Artes praedicandi -- Quamvis and Ranulph Higden -- Modern editions and translations of Artes praedicandi.
|
| 588 |
|
|
|a Description based on print version record.
|
| 650 |
|
7 |
|a Predigt
|2 gnd
|
| 650 |
|
7 |
|a Mittellatein
|2 gnd
|
| 650 |
|
7 |
|a Rhetoric, Medieval.
|2 fast
|0 (OCoLC)fst01096987
|
| 650 |
|
7 |
|a Preaching.
|2 fast
|0 (OCoLC)fst01074813
|
| 650 |
|
7 |
|a RELIGION
|x Christian Ministry
|x Preaching.
|2 bisacsh
|
| 650 |
|
7 |
|a RELIGION
|x Sermons
|x Christian.
|2 bisacsh
|
| 650 |
|
6 |
|a Rhetorique medievale.
|
| 650 |
|
6 |
|a Predication.
|
| 650 |
|
0 |
|a Rhetoric, Medieval.
|
| 650 |
|
0 |
|a Preaching.
|
| 655 |
|
0 |
|a Electronic book.
|
| 655 |
|
7 |
|a Electronic books.
|2 local
|
| 710 |
2 |
|
|a Project Muse.
|e distributor
|
| 830 |
|
0 |
|a Book collections on Project MUSE.
|
| 856 |
4 |
0 |
|z Texto completo
|u https://projectmuse.uam.elogim.com/book/24409/
|
| 945 |
|
|
|a Project MUSE - Custom Collection
|
| 945 |
|
|
|a Project MUSE - 2013 Philosophy and Religion
|
| 945 |
|
|
|a Project MUSE - 2013 Complete
|